<?xml version="1.0" encoding="UTF-8"?>
<record
    xmlns:xsi="http://www.w3.org/2001/XMLSchema-instance"
    xsi:schemaLocation="http://www.loc.gov/MARC21/slim http://www.loc.gov/standards/marcxml/schema/MARC21slim.xsd"
    xmlns="http://www.loc.gov/MARC21/slim">

  <leader>01136nam a22002537a 4500</leader>
  <datafield tag="952" ind1=" " ind2=" ">
    <subfield code="0">0</subfield>
    <subfield code="1">0</subfield>
    <subfield code="2">lcc</subfield>
    <subfield code="4">0</subfield>
    <subfield code="7">0</subfield>
    <subfield code="a">07</subfield>
    <subfield code="b">07</subfield>
    <subfield code="d">2013-06-14</subfield>
    <subfield code="l">0</subfield>
    <subfield code="o">TR26 M4418 2004</subfield>
    <subfield code="p">07 004045</subfield>
    <subfield code="r">2024-06-10</subfield>
    <subfield code="t">1</subfield>
    <subfield code="w">2013-06-14</subfield>
    <subfield code="y">LB</subfield>
  </datafield>
  <datafield tag="952" ind1=" " ind2=" ">
    <subfield code="0">0</subfield>
    <subfield code="1">0</subfield>
    <subfield code="2">lcc</subfield>
    <subfield code="4">0</subfield>
    <subfield code="7">0</subfield>
    <subfield code="a">03</subfield>
    <subfield code="b">03</subfield>
    <subfield code="d">2014-04-14</subfield>
    <subfield code="l">0</subfield>
    <subfield code="o">TR26 M4418 2004</subfield>
    <subfield code="p">03 004585</subfield>
    <subfield code="r">2014-04-14</subfield>
    <subfield code="t">1</subfield>
    <subfield code="w">2014-04-14</subfield>
    <subfield code="y">LB</subfield>
  </datafield>
  <datafield tag="952" ind1=" " ind2=" ">
    <subfield code="0">0</subfield>
    <subfield code="1">0</subfield>
    <subfield code="2">lcc</subfield>
    <subfield code="4">0</subfield>
    <subfield code="7">0</subfield>
    <subfield code="a">15</subfield>
    <subfield code="b">15</subfield>
    <subfield code="d">2013-06-12</subfield>
    <subfield code="l">0</subfield>
    <subfield code="o">C778.8 M494f 2004</subfield>
    <subfield code="p">15 005899</subfield>
    <subfield code="r">2017-12-07</subfield>
    <subfield code="t">1</subfield>
    <subfield code="w">2014-05-31</subfield>
    <subfield code="y">LB</subfield>
  </datafield>
  <datafield tag="952" ind1=" " ind2=" ">
    <subfield code="0">0</subfield>
    <subfield code="1">0</subfield>
    <subfield code="2">lcc</subfield>
    <subfield code="4">0</subfield>
    <subfield code="7">0</subfield>
    <subfield code="a">03</subfield>
    <subfield code="b">03</subfield>
    <subfield code="d">2015-11-09</subfield>
    <subfield code="l">0</subfield>
    <subfield code="o">TR26 M4418 2004 </subfield>
    <subfield code="p">03 008528</subfield>
    <subfield code="r">2015-11-09</subfield>
    <subfield code="t">2</subfield>
    <subfield code="w">2015-11-09</subfield>
    <subfield code="y">LB</subfield>
  </datafield>
  <datafield tag="999" ind1=" " ind2=" ">
    <subfield code="c">92424</subfield>
    <subfield code="d">92424</subfield>
  </datafield>
  <controlfield tag="008">130614s2004    si ||||| |||| 00| 0 spa d</controlfield>
  <datafield tag="020" ind1=" " ind2=" ">
    <subfield code="a">8480765119</subfield>
  </datafield>
  <datafield tag="050" ind1=" " ind2=" ">
    <subfield code="a">TR26</subfield>
    <subfield code="b">M4418 2004</subfield>
  </datafield>
  <datafield tag="082" ind1=" " ind2=" ">
    <subfield code="a">778.8 </subfield>
    <subfield code="b">M49f 2004</subfield>
  </datafield>
  <datafield tag="100" ind1=" " ind2=" ">
    <subfield code="a">Meehan, Les</subfield>
    <subfield code="e">autor</subfield>
  </datafield>
  <datafield tag="240" ind1=" " ind2=" ">
    <subfield code="a">Digital photography Basics</subfield>
    <subfield code="l">espa&#xF1;ol</subfield>
  </datafield>
  <datafield tag="245" ind1=" " ind2=" ">
    <subfield code="a">Fotograf&#xED;a Digital </subfield>
    <subfield code="b"> : manual b&#xE1;sico </subfield>
    <subfield code="c"> / Les Meehon ; traducci&#xF3;n Francisco Ros&#xE9;s Mart&#xED;nez</subfield>
  </datafield>
  <datafield tag="250" ind1=" " ind2=" ">
    <subfield code="a">1a. edici&#xF3;n </subfield>
  </datafield>
  <datafield tag="260" ind1=" " ind2=" ">
    <subfield code="a">Singapur</subfield>
    <subfield code="b"> : Blume</subfield>
    <subfield code="c">, 2004</subfield>
  </datafield>
  <datafield tag="300" ind1=" " ind2=" ">
    <subfield code="a">96 paginas </subfield>
    <subfield code="b"> : ilustraciones</subfield>
  </datafield>
  <datafield tag="505" ind1=" " ind2=" ">
    <subfield code="a">Conceptos digitales
Funciones b&#xE1;sicas de la c&#xE1;mara
Funciones avanzadas de la c&#xE1;mara
Software
Impresiones de im&#xE1;genes</subfield>
  </datafield>
  <datafield tag="519" ind1=" " ind2=" ">
    <subfield code="a">Educaci&#xF3;n Mixta / </subfield>
    <subfield code="b">Dise&#xF1;o Gr&#xE1;fico / </subfield>
    <subfield code="c">Fotograf&#xED;a de Estudio (P04-2) / </subfield>
    <subfield code="d">(03 004586)</subfield>
  </datafield>
  <datafield tag="519" ind1=" " ind2=" ">
    <subfield code="a">Plan Flexible / </subfield>
    <subfield code="b">Dise&#xF1;o Gr&#xE1;fico / </subfield>
    <subfield code="c">Fotograf&#xED;a Digital (P12-3) /</subfield>
    <subfield code="d">(03 008528)</subfield>
  </datafield>
  <datafield tag="650" ind1="1" ind2="0">
    <subfield code="a">FOTOGRAF&#xCD;A</subfield>
    <subfield code="v">MANUALES</subfield>
    <subfield code="x">T&#xC9;CNICAS DIGITALES</subfield>
  </datafield>
  <datafield tag="650" ind1="2" ind2="0">
    <subfield code="a">C&#xC1;MARAS DIGITALES</subfield>
    <subfield code="v">MANUALES</subfield>
  </datafield>
  <datafield tag="700" ind1=" " ind2=" ">
    <subfield code="a">Roses, Francesc</subfield>
    <subfield code="e">trauctor</subfield>
  </datafield>
  <datafield tag="942" ind1=" " ind2=" ">
    <subfield code="c">LB</subfield>
  </datafield>
</record>
